000 00437nam a22001817a 4500
003 CEME
005 20210628210251.0
008 210216b xxu||||| |||| 00| 0 eng d
020 _a969-0-00991-5
040 _c.
082 _a910.4 SAI
100 _aSaira Hashmi
_978796
245 _aCambridge-o-cambridge
260 _aISLAMABAD
_bFEROZE SONS
_c1990
300 _a156P
650 _aURDU ADAB-SAFARNAMA
_964322
942 _cBK
_2ddc
999 _c583871
_d583871